|
|
|
|
| LEADER |
00000cam a2200000 c 4500 |
| 001 |
1540578003 |
| 003 |
DE-627 |
| 005 |
20251225190053.0 |
| 007 |
tu |
| 008 |
160613r20161997xxk||||| 00| ||eng c |
| 016 |
7 |
|
|a GBB657275
|2 UK
|
| 020 |
|
|
|a 9781138673694
|c hbk : £90.00
|9 978-1-138-67369-4
|
| 035 |
|
|
|a (DE-627)1540578003
|
| 035 |
|
|
|a (DE-576)470578009
|
| 035 |
|
|
|a (DE-599)BSZ470578009
|
| 035 |
|
|
|a (BL)017815940
|
| 040 |
|
|
|a DE-627
|b ger
|c DE-627
|e rda
|
| 041 |
|
|
|a eng
|
| 044 |
|
|
|c XA-GB
|
| 082 |
0 |
|
|a 345.4202555
|
| 100 |
1 |
|
|8 1\p
|a Lockton, Deborah J.
|e VerfasserIn
|0 (DE-588)139645098
|0 (DE-627)612256138
|0 (DE-576)312577907
|4 aut
|
| 109 |
|
|
|a Lockton, Deborah J.
|a Lockton, D. J.
|a Lockton, Deborah
|
| 245 |
1 |
0 |
|a Domestic violence
|c Deborah Lockton and Richard Ward
|
| 264 |
|
1 |
|a London
|a New York
|b Routledge
|c 2016
|
| 300 |
|
|
|a xxii, 218 Seiten
|b Illustrationen
|
| 336 |
|
|
|a Text
|b txt
|2 rdacontent
|
| 337 |
|
|
|a ohne Hilfsmittel zu benutzen
|b n
|2 rdamedia
|
| 338 |
|
|
|a Band
|b nc
|2 rdacarrier
|
| 490 |
1 |
|
|a Routledge library editions. Domestic abuse
|v volume 5
|
| 500 |
|
|
|a "This edition first published in 2016" (Rückseite der Titelseite)
|
| 534 |
|
|
|c 1997
|
| 650 |
|
0 |
|a Family Violence
|x Law and legislation
|x England
|
| 650 |
|
0 |
|a Family Violence
|x Law and legislation
|x Wales
|
| 700 |
1 |
|
|a Ward, Richard
|e VerfasserIn
|4 aut
|
| 776 |
1 |
|
|z 9781315561769
|
| 830 |
|
0 |
|a Routledge library editions
|p Domestic abuse
|v volume 5
|9 5
|w (DE-627)154546443X
|w (DE-576)475464435
|7 am
|
| 856 |
4 |
2 |
|u https://swbplus.bsz-bw.de/bsz470578009inh.htm
|m B:DE-576;DE-Frei85
|q application/pdf
|v 20160802112333
|x Verlag
|3 Inhaltsverzeichnis
|7 1
|
| 883 |
|
|
|8 1\p
|a cgwrk
|d 20241001
|q DE-101
|u https://d-nb.info/provenance/plan#cgwrk
|
| 935 |
|
|
|a mkri
|
| 935 |
|
|
|h SWB
|i 4170rda
|
| 951 |
|
|
|a BO
|
| ELC |
|
|
|b 1
|
| LOK |
|
|
|0 000 xxxxxcx a22 zn 4500
|
| LOK |
|
|
|0 001 2928124519
|
| LOK |
|
|
|0 003 DE-627
|
| LOK |
|
|
|0 004 1540578003
|
| LOK |
|
|
|0 005 20160727161748
|
| LOK |
|
|
|0 008 160613||||||||||||||||ger|||||||
|
| LOK |
|
|
|0 040
|a DE-Frei85
|c DE-627
|d DE-Frei85
|
| LOK |
|
|
|0 852
|a DE-Frei85
|
| LOK |
|
|
|0 852 1
|m p
|9 00
|
| LOK |
|
|
|0 938
|k p
|
| LOK |
|
|
|0 939
|a 13-06-16
|b l01
|
| ORI |
|
|
|a SA-MARC-krimdoka001.raw
|